Переводы по геологии и полезным ископаемым. № 124: Система Cu-Fe-S (Запись № 13630444)

Подробности
000 -МАРКЕР
контрольное поле 01081nam2a2200241 4500
001 - ИДЕНТИФИКАТОР ЗАПИСИ
контрольное поле rc\3026514
005 - ИДЕНТИФИКАТОР ВЕРСИИ
контрольное поле 20260315071305.0
035 ## - ДРУГИЕ СИСТЕМНЫЕ НОМЕРА
Идентификатор записи (NLR Aleph) 007208176
100 ## - ДАННЫЕ ОБЩЕЙ ОБРАБОТКИ
Данные общей обработки 20110929d1938 u y0rusy50 ca
101 1# - ЯЗЫК РЕСУРСА
Язык текста, звукозаписи и т.д. русский
102 ## - СТРАНА ПУБЛИКАЦИИ ИЛИ ПРОИЗВОДСТВА
Страна публикации российская федерация
105 ## - ПОЛЕ КОДИРОВАННЫХ ДАННЫХ: ТЕКСТОВЫЕ МАТЕРИАЛЫ, МОНОГРАФИЧЕСКИЕ
Кодированные данные о монографическом текстовом документе y z |||||
200 1# - ЗАГЛАВИЕ И СВЕДЕНИЯ ОБ ОТВЕТСТВЕННОСТИ
Основное заглавие Система Cu-Fe-S
210 ## - ПУБЛИКАЦИЯ, РАСПРОСТРАНЕНИЕ И ДР.
Дата издания, распространения и т.д. 1938
461 #0 - УРОВЕНЬ НАБОРА
Встроенное поле 001rc\3026483
-- 2001#$aПереводы по геологии и полезным ископаемым$fНКТП. Гл. геол. упр. Центр. геол. б-ка. Информационно-массовый сектор$v№ 124
Системный номер (АБИС) связанной записи 7660429
Место публикации Ленинград
Дата публикации 1936-1955
Первые сведения об ответственности НКТП. Гл. геол. упр. Центр. геол. б-ка. Информационно-массовый сектор
Имя издателя, распространителя и т.д. Цент. геол. б-ка
Заглавие Переводы по геологии и полезным ископаемым
Номер тома № 124
700 #1 - ИМЯ ЛИЦА - ПЕРВИЧНАЯ ОТВЕТСТВЕННОСТЬ
Начальный элемент ввода Мервин
Часть имени, кроме начального элемента ввода Х.Э.
701 #1 - ИМЯ ЛИЦА - АЛЬТЕРНАТИВНАЯ ОТВЕТСТВЕННОСТЬ
Начальный элемент ввода Ломбард
Часть имени, кроме начального элемента ввода Р.Х.
801 #0 - ИСТОЧНИК ЗАПИСИ
Страна российская федерация
Организация NLR
Правила каталогизации psbo
801 #1 - ИСТОЧНИК ЗАПИСИ
Страна российская федерация
Организация ELAR
Источник данных rusmarc
852 ## - МЕСТОНАХОЖДЕНИЕ И ШИФР ХРАНЕНИЯ
Идентификатор организации NLR
Шифр хранения (Call Number) 36-20/114
942 ## - ДОПОЛНИТЕЛЬНЫЕ ЭЛЕМЕНТЫ ЗАПИСИ (АБИС)
Тип экземпляра АБИС Неопределено
980 ## - КОЛЛЕКЦИЯ
Название коллекции Национальная библиография

Нет доступных экземпляров.